The winter's tale
Kaydedildi:
| Yazar: | |
|---|---|
| Materyal Türü: | Kitap |
| Dil: | İngilizce |
| Baskı/Yayın Bilgisi: |
Nueva York
Dell
1959
|
| Seri Bilgileri: | The Laurel Shakespeare
|
| Konular: | |
| Etiketler: |
Etiketle
Etiket eklenmemiş, İlk siz ekleyin!
|
MARC
| LEADER | 00000nam a2200000 a 4500 | ||
|---|---|---|---|
| 001 | UCQ3215 | ||
| 003 | CL-VaPUC | ||
| 008 | 980817e19590000US |||||||||||||||||eng|d | ||
| 082 | 0 | 4 | |a 822 |b SHA |2 21 |
| 100 | |a Shakespeare, William |e author |9 265757 | ||
| 245 | 1 | 4 | |a The winter's tale |
| 300 | |a 224 p | ||
| 942 | |c BK | ||
| 945 | |d 19980817 00:00:00 |a crobeson | ||
| 260 | |a Nueva York |b Dell |c 1959 | ||
| 650 | 0 | |a Dramas ingleses |9 269396 | |
| 650 | 0 | |a Literatura inglesa |9 312907 | |
| 583 | |a last modification |c 19980817 00:00:00 |k Rodrigo Vera | ||
| 490 | 0 | |a The Laurel Shakespeare | |
| 999 | |c 273813 |d 273811 | ||
| 952 | |0 0 |1 0 |4 0 |6 822_000000000000000_SHA_1959 |7 0 |8 A |9 309693 |a BIBEDU |b BIBEDU |d 2019-11-20 |i 1452711 |o 822 SHA 1959 |p 1452711 |r 2019-11-20 |w 2019-11-20 |y BK |k LIT | ||